00000000cam 2200000zi 4500
0019.958089
003CaOODSP
00520251209133020
006m     o  d f      
007cr |n|||||||||
008251209e20251208onc     ob   f000 0 eng d
040 |aCaOODSP|beng|erda|cCaOODSP
043 |an-cn---
0861 |aH113-9/2025-17E-PDF
24500|aNealta miticide, containing cyflumetofen.
264 1|aOttawa, Ontario : |bHealth Canada = Santé Canada, |c8 December 2025.
264 4|c©2025
300 |a1 online resource (17 pages).
336 |atext|btxt|2rdacontent
337 |acomputer|bc|2rdamedia
338 |aonline resource|bcr|2rdacarrier
4901 |aProposed registration decision, |x1925-0886 ; |vPRD2025-17
500 |aIssued also in French under title: Acaricide Nealta contenant du cyflumétofène.
500 |a"This document is published by the Health Canada Pest Management Regulatory Agency."
504 |aIncludes bibliographical references.
650 0|aAcaricides|xCertification|zCanada.
650 0|aAcaricides|xRisk assessment|zCanada.
650 0|aAcaricides|xHealth aspects.
650 0|aAcaricides|xEnvironmental aspects.
650 0|aAcaricides|xToxicology.
7101 |aCanada. |bPest Management Regulatory Agency, |eissuing body.
77508|tAcaricide Nealta contenant du cyflumétofène.|w(CaOODSP)9.958090
830#0|aProposed registration decision ;|vPRD2025-17.|w(CaOODSP)9.504464
85640|qPDF|s411 KB|uhttps://publications.gc.ca/collections/collection_2025/sc-hc/h113-9/H113-9-2025-17-eng.pdf
8564 |qHTML|sN/A|uhttps://www.canada.ca/en/health-canada/services/consumer-product-safety/pesticides-pest-management/public/consultations/proposed-registration-decisions/2025/nealta-miticide-containing-cyflumetofen/document.html